000 00671cam a2200193 a 4500
001 e 10001503
003 DLC
005 20260227111153.0
008 990721s1889 gw 000 0 ger c
010 _ae 10001503
035 _a(OCoLC)07660477
040 _aU.S. Bur. of Ed. Lib.
_cNIE
_dNIE
_dDLC
050 0 0 _aLB14.5
_b.P54 1889
100 1 _aPieper, Josef,
_d1904-1997.
245 1 0 _aPädagogische Mussestunden :
_bzwanglose Plaudereien aus verschiedenen Gebieten der Erziehung und des Unterrichts zur Anregung und Belehrung /
_cherausgegeben von Joseph Pieper.
260 _aDüsseldorf :
_bL. Schwann,
_c1889.
300 _a128 p. ;
_c22 cm.
650 0 _aEducation.
999 _c19034
_d19034